LDR 01149naa#a2200169#i#450# 001 RU\\bibl\122112 005 20260606230020.6 011 ## _a1998-6785 100 ## _a20230621b2023####ek#y0rusy0150####ca 102 ## _aRU 200 1# _aМежрегиональное российско-китайское сотрудничество: экспертный взгляд из регионов и городов России _eЖурнальная статья 210 1# _aВладивосток _cФедеральное государственное бюджетное образовательное учреждение высшего образования "Владивостокский государственный университет" _d2023 215 ## _a9 с. 608 ## _aЖурнальная статья _2local 675 ## _aОбщие вопросы. География как наука. Страноведение. Географические исследования. Путешествия. 910 _aУправление рабочей силой. 331.5.024.54 _z 700 #1 _aМакеева _gСветлана Борисовна 856 4# _aojkum.editorum.ru _u